| 000 | 00458 a2200145 4500 | ||
|---|---|---|---|
| 005 | 20250506081659.0 | ||
| 020 | _a978-1848763-661 | ||
| 082 | _a658.155 DEA | ||
| 100 | _aDEADMAN, C. | ||
| 245 | _aStrategic Asset Management : The Quest for Utility Excellence. | ||
| 260 |
_aLeicester, _bMatador Business, _c2010. |
||
| 300 |
_aXi, 258p.: ill.; figure, table _c24cm. |
||
| 856 |
_yAccess Online Book _fManagement _dwww.troubardor.co.uk/matador |
||
| 942 |
_2ddc _cBKS |
||
| 999 |
_c1975 _d1975 |
||